| 000 | 00905nam a22002297a 4500 | ||
|---|---|---|---|
| 999 |
_c17793 _d17793 |
||
| 003 | AR-CdUCM | ||
| 008 | 190509b ||||| |||| 00| 0 spa d | ||
| 040 |
_aMUNICIPALIDAD PROVINCIAL DEL CUSCO _cBIBLIOTECA MUNICIPAL DEL CUSCO |
||
| 041 | _hita | ||
| 082 |
_a327.8 / _bV73 |
||
| 100 |
_aViola, Ettore _937973 |
||
| 245 | _aSud América y su destino político / | ||
| 260 |
_aSantiago de Chile : _bLuz, _c1933. |
||
| 300 |
_a210 páginas ; _c19.5 cm. |
||
| 505 | _aContenido: Rápida ojeada a la crisis mundial -- Aspectos de la crisis sudamericana -- Apreciaciones históricas y visiones de jefes -- Elementos disgregadores en acción -- Bolívar héroe y víctima del ambiente ... | ||
| 650 |
_aImperialismo _93454 |
||
| 650 |
_aAmérica Latina _91130 |
||
| 650 |
_aPolítica y gobierno _92693 |
||
| 700 |
_aMelfi, Domingo (traducción) _937974 |
||
| 942 |
_2ddc _cLIBROS |
||
| 945 |
_apjha _d2019-05-13 |
||